000 00857nam a2200229Ii 4500
003 JO-AjNU
008 230605s9999||||xx |||||||||||||| ||und||
017 _a2013/1/215
020 _a978-9957-90-037-3
040 _aJO-AjNU
_bara
_erda
_cJO-AjNU
041 _aara
050 1 4 _aLB1590.5 2014
100 3 _aالبلوشي، عواطف محمد,
_eauthor
_945988
245 0 0 _aبرنامج الكورت للطلبة ذوي صعوبات التعلم في الرياضيات،تطبيقات عملية
250 _aط1
264 3 1 _aعمان:مركز ديبونو لتعليم التفكير،2014
300 _a518ص
336 _atext
_btxt
_2rdacontent
337 _aunmediated
_bn
_2rdamedia
338 _avolume
_bnc
_2rdacarrier
650 4 _aالأطفال بطيئوالتعلم-تعليم. الرياضيات-دراسة وتعليم
_945989
999 _aA19975
_c23543
_d23543